Tienimi con te La nostra storia si è fatta musica

Đã lưu trong:
Chi tiết về thư mục
Tác giả chính: Mastinu, Francesco
Định dạng: Sách
Ngôn ngữ:Tiếng Anh
Được phát hành: Triskell 2018
Các nhãn: Thêm thẻ
Không có thẻ, Là người đầu tiên thẻ bản ghi này!

MARC

LEADER 00000nam a2200000 4500
005 20241009173213.0
008 241009b |||||||| |||| 00| 0 eng d
020 |a  978-1983077036 
040 |c GP 
100 |a Mastinu, Francesco 
245 |a Tienimi con te  |b La nostra storia si è fatta musica 
260 |b Triskell  |c 2018 
942 |2 ddc  |c BK  |n 0 
952 |0 0  |1 0  |2 ddc  |4 0  |6 853_920000000000000_MAS  |7 1  |9 2087  |a RM  |b RM  |d 2024-10-09  |l 0  |o 853 92 MAS  |p 773  |r 2024-10-09 17:32:29  |w 2024-10-09  |y BK 
999 |c 1827  |d 1827